Heydar Aliyev Int. Airport Destinations (Baku, Azerbaijan) - Map - Statistics

General Stats
  • This quiz has been taken 22 times
  • The average score is 70 of 87
Answers on the Map
Answers color-coded by a green-red scale on the quiz's map according to % correct below.
 
Answer Stats
Destination % Correct
Ankara
100%
Astana
100%
Barcelona
100%
Beijing (Capital)
100%
Istanbul
100%
Istanbul (Sabiha Gökçen)
100%
London (Gatwick)
100%
London (Heathrow)
100%
Moscow (Domodedovo)
100%
Moscow (Sheremetyevo)
100%
Moscow (Vnukovo)
100%
Paris (Charles de Gaulle)
100%
Rome (Fiumicino)
100%
Saint Petersburg
100%
Sofia
100%
Tehran (Imam Khomeini)
100%
Abu Dhabi
95%
Almaty
95%
Antalya
95%
Athens
95%
Belgrade
95%
Berlin
95%
Budapest
95%
Cairo
95%
Delhi
95%
Doha
95%
Dubai (International)
95%
Frankfurt
95%
Geneva
95%
Guangzhou
95%
Islamabad
95%
İzmir
95%
Jeddah
95%
Kuwait City
95%
Milan (Malpensa)
95%
Minsk
95%
Mumbai (Shivaji)
95%
Prague
95%
Riyadh
95%
Tel Aviv
95%
Vienna
95%
Warsaw (Chopin)
95%
Amman (Queen Alia)
90%
Baghdad
90%
Bahrain
90%
Lahore
90%
Malé
90%
Medina
90%
Muscat
90%
Tbilisi
90%
Bishkek
85%
Chișinău
85%
Dammam
85%
Karachi
85%
Podgorica
85%
Ürümqi
85%
Batumi
80%
Dushanbe
80%
Heraklion
80%
Sharjah
80%
Sharm El Sheikh
80%
Tashkent
80%
Tivat
80%
Yekaterinburg
80%
Dalaman
75%
Erbil
75%
Bodrum
70%
Novosibirsk
70%
Adana/Mersin
65%
Sochi
65%
Trabzon
65%
Perm
60%
Atyrau
55%
Samarqand
55%
Tabriz
55%
Gazipaşa
45%
Krasnoyarsk (International)
45%
Urgench
45%
Aqtau
35%
Şymkent
35%
Orenburg
30%
Sulaymaniyah
30%
Surgut
30%
Tyumen
30%
Nakhchivan
25%
Fuzuli
20%
Nizhnevartovsk
20%
No matching quizzes found
Score Distribution
Percent of People with Each Score
Percentile by Number Answered
Your Score History
You have not taken this quiz